书目信息 |
| 题名: |
电气安装工操作技法与实例
|
|
| 作者: | 张能武 主编 | |
| 分册: | ||
| 出版信息: | 上海 上海科学技术出版社 2011.01 |
|
| 页数: | 359页 | |
| 开本: | 21cm | |
| 丛书名: | 21世纪技术工人操作技法与实例丛书 | |
| 单 册: | ||
| 中图分类: | TU85 | |
| 科图分类: | ||
| 主题词: | 电气设备--dian qi she bei--建筑安装工程--基本知识 | |
| 电子资源: | ||
| ISBN: | 978-7-5478-0339-4 | |
| 000 | 00990nam 2200265 450 | |
| 001 | 000000004327 | |
| 005 | 20110722180412.09 | |
| 010 | @a978-7-5478-0339-4@dCNY29.50 | |
| 100 | @a20110318d2011 ekmy0chiy50 ea | |
| 101 | 0 | @achi |
| 102 | @aCN@b310000 | |
| 105 | @aak z 000yy | |
| 106 | @ar | |
| 200 | 1 | @a电气安装工操作技法与实例@Adian qi an zhuang gong cao zuo ji fa yu shi li@f张能武主编 |
| 210 | @a上海@c上海科学技术出版社@d2011.01 | |
| 215 | @a359页@c图@d21cm | |
| 225 | 2 | @a21世纪技术工人操作技法与实例丛书@A21 shi ji ji shu gong ren cao zuo ji fa yu shi li cong shu |
| 330 | @a本书主要内容包括:电气施工组织与管理、电工技术、电工识图、电工常用工具等基础;电力变压器、电动机、高压电器设备、低压电器、互感器、电缆线路等。 | |
| 410 | 0 | @12001 @a21世纪技术工人操作技法与实例丛书 |
| 586 | @a | |
| 606 | 0 | @a电气设备@Adian qi she bei@x建筑安装工程@x基本知识 |
| 690 | @aTU85@v5 | |
| 701 | 0 | @a张能武@AZhang Nengwu@4主编 |
| 801 | 0 | @aCN@c20110610 |
| 905 | @dTU85@eZ140@f5 | |
| 电气安装工操作技法与实例/张能武主编.-上海:上海科学技术出版社,2011.01 |
| 359页:图;21cm.-(21世纪技术工人操作技法与实例丛书) |
| ISBN 978-7-5478-0339-4:CNY29.50 |
| 本书主要内容包括:电气施工组织与管理、电工技术、电工识图、电工常用工具等基础;电力变压器、电动机、高压电器设备、低压电器、互感器、电缆线路等。 |
| ● |
| 相关链接 |
|
|
|
正题名:电气安装工操作技法与实例
索取号:TU85/Z140
 
预约/预借
| 序号 | 登录号 | 条形码 | 馆藏地/架位号 | 状态 | 备注 |
| 1 | 886372 | 208863728 | 建筑库201/201建筑库 83排1列5层/ [索取号:TU85/Z140] | 在馆 | |
| 2 | 886373 | 208863737 | 建筑库201/201建筑库 83排1列5层/ [索取号:TU85/Z140] | 在馆 | |
| 3 | 886374 | 208863746 | 建筑库201/201建筑库 83排1列5层/ [索取号:TU85/Z140] | 在馆 | |
| 4 | 886375 | 208863755 | 建筑库201/201建筑库 83排1列5层/ [索取号:TU85/Z140] | 在馆 | |
| 5 | 886376 | 208863764 | 建筑库201/201建筑库 83排1列5层/ [索取号:TU85/Z140] | 在馆 |